Tractatus de oficiis venalibus vacalibus Romanae Curiae ad cujus calcem addita sunt varia jura sive documenta ac etiam informationes, responsiones & decisiones super suppressione Collegii Secretariorum Apostolicorum; & restituti pretii. Accessit alter tractatus ejusdem auctoris de locis montium non vocabilium urbis

Detalles Bibliográficos
Autor principal: Luca, Juan Bautista cardenal de 1614-1683
Formato: Libro
Lenguaje:Latin
Publicado: Coloniae Allobrogum 1697
Materias:
Colección:Banco de datos
Acervo:Biblioteca Pública Central del Estado de Durango. Lic. José Ignacio Gallegos Caballero. Colección José Fernando Ramírez
Descripción Física:[2] h., 226 p., [6] h. f°
Tema general:Derecho civil
Notas:Portada a dos tintas con pleca y viñeta en grabado xilográfico. Título de la anteportada: D. Io. Baptistae de Luca S. R- E- Cardinalis. Tractatus de officiis venalibus vacabilibus Romanae Curiae. Accessit alter tractatus ejusdem auctoris de locis montium non vacabilium urbis. Texto a dos columnas. Encuadernación en piel sobre cartón. Sello en tinta de José Fernando Ramírez. Sello en tinta de la Biblioteca Pública del Estado de Durango
LEADER 01605nam a22002050004500
035 |a 303 
041 0 |a lat 
100 1 |a Luca, Juan Bautista  |c cardenal de  |d 1614-1683 
245 1 0 |a Tractatus de oficiis venalibus vacalibus Romanae Curiae ad cujus calcem addita sunt varia jura sive documenta ac etiam informationes, responsiones & decisiones super suppressione Collegii Secretariorum Apostolicorum; & restituti pretii. Accessit alter tractatus ejusdem auctoris de locis montium non vocabilium urbis  |c D. Io. Baptistae de Luca S. R. E. Cardinalis 
260 |a Coloniae Allobrogum  |b sumptibus J. A. Cramer & P. Perachon   |c 1697 
300 |a [2] h., 226 p., [6] h.  |c f° 
500 |a Portada a dos tintas con pleca y viñeta en grabado xilográfico. Título de la anteportada: D. Io. Baptistae de Luca S. R- E- Cardinalis. Tractatus de officiis venalibus vacabilibus Romanae Curiae. Accessit alter tractatus ejusdem auctoris de locis montium non vacabilium urbis. Texto a dos columnas. Encuadernación en piel sobre cartón. Sello en tinta de José Fernando Ramírez. Sello en tinta de la Biblioteca Pública del Estado de Durango 
501 |a 1 obra 
504 |a Índice de cosas notables 
505 0 0 |a Tractatus de locis montium non vacabilium urbis D. Jo Baptistae de Luca venusini S.R.E. Cardin. Innocentii XI P.M. auditoris & su pplicum libellorum secretarii, 54 p., [1] h. 
650 1 0 |a Derecho civil 
949 |a CR. 565-A 
942 |c DURANRAM 
943 |g Biblioteca Pública Central del Estado de Durango. Lic. José Ignacio Gallegos Caballero. Colección José Fernando Ramírez 
999 |c 1077233  |d 1077233